[Event "Bundesliga 1314"]
[Site "Germany"]
[Date "2014.02.09"]
[Round "8.2"]
[White "Areshchenko, Alexander"]
[Black "Rustemov, Alexander"]
[Result "1-0"]
[WhiteElo "2714"]
[BlackElo "2538"]
[Annotator "Meyer,CD"]
[PlyCount "57"]
[EventDate "2013.10.12"]
[EventType "team-tourn"]
[EventRounds "15"]
[EventCountry "GER"]
[SourceTitle "CBM 159"]
[Source "ChessBase"]
[SourceDate "2014.03.17"]
[SourceVersion "1"]
[SourceVersionDate "2014.03.17"]
[SourceQuality "1"]
[WhiteTeam "Werder Bremen"]
[BlackTeam "Wattenscheid"]
[WhiteTeamCountry "GER"]
[BlackTeamCountry "GER"]

1. e4 e6 2. d4 d5 3. e5 c5 4. c3 Qb6 $5 {Dieser frühe Damenzug erfolgt oft in
Verbindung mit der prinzipiellen positionellen Idee ...Bd7-b5.} ({Eine
messerscharfe und kritische Variante ist} 4... Nc6 5. Nf3 Bd7 6. a3 f6 $5 (6...
c4 $5 {ist wiederum ein anderes Thema.}) {, z.B.} 7. Bd3 Qc7 8. Bf4 O-O-O 9.
Bg3 f5 (9... c4) 10. dxc5 (10. b4) 10... Bxc5 11. Nbd2 Be7 12. c4 (12. h4)
12... d4 $2 (12... dxc4 13. Nxc4 g5 $13) 13. h4 Nh6 14. c5 Kb8 15. b4 $16 {
Areshchenko,A (2708) - Topalov,V (2784) Kiev 2013; Weiß erlangte eine glatte
Gewinnstellung, verlor dann aber überraschend Kopf und Kragen, 0:1/48.}) 5. Nf3
Bd7 ({Keinerlei Probleme hatte Schwarz nach} 5... Nc6 6. a3 Nh6 $5 {in der
Partie Areshchenko,A (2709) - Romanov,E (2640), Legnica 2013:} 7. b4 cxd4 8.
cxd4 Nf5 9. Bb2 Bd7 10. g4 Nfe7 11. Nc3 Na5 $5 12. Nd2 Rc8 13. Na4 Qc6 14. b5
Qc7 15. Rc1 Qd8 16. Nc5 Ng6 17. Nxd7 Qxd7 18. h4 Be7 19. h5 Nf4 20. Rxc8+ Qxc8
21. Qc1 O-O $13 {/=, remis/41}) 6. Bd3 ({Provokanter als die gebräuchlicheren
Fortsetzungen 6.Be2 und 6.a3. Auch zu Letzterem hier ein Produkt unseres
ukrainischen Großmeisters:} 6. a3 Bb5 7. dxc5 $5 (7. c4 $5) 7... Bxc5 8. Bxb5+
Qxb5 9. b4 Bb6 10. a4 Qd7 (10... Qc4) 11. O-O Ne7 12. a5 Bc7 13. Bf4 O-O 14.
Re1 Nbc6 15. Nbd2 Ng6 16. Bg3 Rae8 17. Nb3 f5 (17... a6) 18. exf6 Bxg3 (18...
Rxf6 19. Nc5 Qc8 $14) 19. hxg3 gxf6 $6 (19... Rxf6 20. Ra2 Qc7 21. Rae2 $14)
20. b5 (20. Nfd4 $1 Nxd4 (20... e5 $2 21. Nc5 Qc8 22. Nb5) 21. Qxd4 a6 22. Qb6
{/\Nc5+/-}) 20... Nce5 21. Nfd4 b6 $6 (21... Rc8 $5 22. Re3 (22. f4 Rxc3 23.
fxe5 fxe5 $44) 22... Rfe8 $14) 22. axb6 axb6 23. Ra6 $16 Qd6 24. Nc6 Ra8 25.
Nbd4 Rxa6 26. bxa6 $18 Qd7 27. Nb4 Re8 28. f4 Nc4 29. Rxe6 {- 1:0, Areshchenko,
A (2709) - L'Ami,E (2634), Legnica 2013}) 6... cxd4 ({Ansonsten nimmt Weiß auf
c5: I} 6... Bb5 7. dxc5 $1 Bxc5 8. b4 $1 $14) ({II} 6... Nc6 7. dxc5 $1 Bxc5 (
7... Qc7 8. Qe2 (8. O-O Bxc5 (8... Nxe5 9. Nxe5 Qxe5 10. Re1 Qc7 11. b4 $14) 9.
b4 $14) 8... Bxc5 9. O-O Nge7 10. b4 Bb6 11. a4 $14) 8. O-O $14 {, z.B.} a5 9.
Nbd2 a4 10. b4 axb3 11. Nxb3 Ba3 12. Bxa3 Rxa3 13. Qc1 {/\Qg5}) 7. Nxd4 $1 {
Diese Blockade des Zentrums mit dem Springer macht das weiße Spiel attraktiver.
} ({Dagegen gibt} 7. cxd4 $6 {Schwarz die (angenehme) Wahl zwischen} Nc6 ({
oder dem geplanten und vereinfachenden} 7... Bb5) {, z.B.} 8. O-O Nxd4 (8...
Nh6 $5 {Schwarz kann auch gut ablehnen}) 9. Nbd2 $5 $13 {, was zur riskanten
und zweischneidigen Gambit-Variante im Vorstoß-Franzosen führt.}) 7... Bc5 $5 {
Damit geht Schwarz auf einen riskanten Bauernfang aus.} ({Auf das natürliche
und am häufigsten anzutreffende} 7... Nc6 {kann Weiß mit} 8. Nxc6 {"!, eine
klare Initiative" (Moskalenko) erlangen, z.B.:} bxc6 (8... Bxc6 9. Qe2 $1 Ne7 (
9... a6 10. a4 d4 (10... Qc7 11. O-O Ne7 12. Nd2 Ng6 13. Nf3 $14) 11. O-O Ne7
$6 (11... dxc3 12. Nxc3 Ne7 $14) 12. Nd2 Nd5 (12... Bd5 13. Ne4 $16) 13. Nc4
$16 {Hamdouchi,H (2613) - Vaisser,A (2544), Nancy 2013, 1:0/32}) 10. Nd2 Ng6
11. Nf3 Be7 12. O-O Bd7 (12... Qc7 13. Bd2 Bd7 14. Rae1 O-O 15. Nd4 $14 {
Grischuk,A (2671) - Gurevich,M (2641), Wijk aan Zee 2002, remis/42}) 13. Re1
O-O 14. h4 Nxh4 15. Nxh4 Bxh4 16. Bxh7+ Kxh7 17. Qh5+ Kg8 18. Qxh4 f6 $14 {
Grischuk/ECO(C5)}) 9. O-O Ne7 (9... f5 10. Nd2 $1 Ne7 (10... Nh6 11. Nf3 Nf7
12. Re1 $14) 11. Nf3 c5 {(~~ ECO/C5)} 12. Re1 a5 13. Rb1 $14 h6 (13... Rb8 14.
Be3 Qc7 15. h4 $14) 14. Be3 (14. b3 g5 15. a3 Bg7 16. b4 c4 17. Bc2 Qc7 18. b5
O-O 19. a4 Ng6 20. Ba3 Rf7 21. Bd6 Qb7 22. Nd4 Bf8 23. g4 Bxd6 24. exd6 Nf4 25.
gxf5 exf5 26. Qf3 Qb6 27. Ne2 Qxd6 28. Nxf4 gxf4 29. Rbd1 Kh8 30. Rxd5 Rg8+ 31.
Kf1 Qg6 32. Rde5 Bc8 33. Qxf4 Bb7 34. R1e3 Qg2+ 35. Ke2 Rf6 36. Rg3 Qh1 37.
Rxg8+ Kxg8 38. Qxc4+ Kg7 39. Re3 {1-0 (39) Shabalov,A (2575)-Akobian,V (2533)
Denver 2003}) 14... Qc7 (14... Nc6 $2 15. Bxf5 $1 exf5 16. Qxd5 $40 O-O-O 17.
e6 Be8 18. Qxf5 Be7 19. b4 axb4 20. cxb4 Nd4 21. Bxd4 cxd4 22. Ne5 Rf8 23. Qe4
$16) (14... Ng6 $2 15. g4 $1 $16) 15. Nd2 Rb8 16. f4 $14) (9... c5 10. c4 $5
dxc4 $6 (10... d4) 11. Be4 Rd8 12. Nd2 Qa6 13. b3 $6 (13. Qe2 $142) 13... Bb5 (
13... cxb3 $13) 14. a4 c3 $4 (14... Bc6) 15. axb5 Qxa1 16. Bc6+ Ke7 17. Qc2 Qa5
18. Nc4 Qc7 19. Qxc3 f6 20. Bf4 Kf7 21. g3 f5 22. Ra1 Kg6 23. Nd6 Rxd6 24. Be8+
{- 1:0, Yu,Y (2688) - Zatonskih,A (2491), Caleta 2013}) 10. Nd2 Ng6 (10... c5
11. b3 Bb5 (11... Ng6) 12. c4 Ba6 (12... Bc6 $2 13. cxd5 exd5 (13... Nxd5 14.
Nc4) (13... Bxd5 14. Nc4) 14. e6 $1 fxe6 15. Re1 $16) 13. Re1 Nc6 14. cxd5 $1
Bxd3 15. dxc6 (15. Qf3 $142 exd5 16. e6 f6 17. Qxd3 $14) 15... Qxc6 16. Qg4 $13
{Kernazhitsky,L (2344) - Vusatiuk,A (2305), Kiev 2006, 1:0/32} (16. Nc4 $14))
11. Nf3 Be7 12. Re1 c5 (12... O-O 13. Ng5 (13. h4 $5 $14) 13... Bxg5 14. Bxg5
h6 $6 (14... Qxb2 $13) 15. Bc1 f5 16. exf6 Rxf6 17. Qc2 Be8 18. Be3 Qb8 19. Qb3
$16 {Ehlvest,J (2600) - Milov,V (2592), Santo Domingo 2003, remis/52}) 13. Rb1
Bb5 14. Bc2 a5 15. Ng5 $5 Rd8 16. b3 Rd7 17. Qf3 Bd8 18. Qh3 $36 {Ehlvest,J 
(2602) - Ibragimov,I (2587), Las Vegas 2003, 1:0/41}) 8. O-O $1 ({Das
überscharfe} 8. Qg4 $6 {gibt Schwarz mit} Ne7 $1 {die Gelegenheit, selber ein
Gambit anzubieten:} 9. Qxg7 Rg8) 8... Bxd4 9. cxd4 Qxd4 (9... Nc6 10. Be3 $5
Qxb2 11. Nd2 (11. Qg4) 11... Qa3 12. Qg4 Kf8 (12... g6 13. Nb3 $44) 13. Nb3 $44
(13. Qe2 $44)) 10. Nc3 $1 {Im Geiste der ursprünglichen Gambit-Variante (siehe
oben); angeblich fand der Zug erstmalig in der Begegnung Grischuk vs
Morozevich, FIDE World Cup 2011, Anwendung.} a6 {Vermeidet zwar Nb5, aber ein
Blick auf Alternativen ist auch interessant, z.B.:} ({I} 10... Qh4 11. g3 Qd8
12. Qg4 Kf8 13. Be3 Ne7 14. Bc5 Nbc6 15. Bd6 Kg8 16. b4 h5 17. Qf4 Ng6 18. Bxg6
fxg6 19. Ne2 g5 20. Qd2 a6 21. Rac1 g4 22. a4 Qe8 23. b5 axb5 24. axb5 Na5 25.
Rc7 Nc4 26. Qg5 b6 (26... Qd8 $2 27. Qxd8+ Rxd8 28. Be7 $16 {1:0/43, Ni,H 
(2673) - Zhou,W (2624), Danzhou 2012}) 27. Nd4 $13 {/=} (27. f3 $13 {/=})) ({II
} 10... Nc6 $5 11. Nb5 Qxe5 (11... Qb6 $2 12. Qh5 $1 (12. Be3 d4 13. Nd6+)
12... Kf8 13. Be3 d4 14. Nxd4 Nxd4 15. Qh4) 12. Re1 (12. Qg4 h5 13. Qh4 (13.
Qa4 Qb8) 13... Qb8 14. Re1 Nge7 15. Bf4 e5 16. Rxe5 Nxe5 17. Qg5 O-O 18. Bxe5
f6 19. Qxh5 Qxe5 20. Bh7+ Kh8 21. Bf5+ Kg8 22. Bh7+ Kh8 23. Bf5+ $11) (12. Qa4
$6 Qb8 13. Qa3 (13. Qg4 Kf8 14. Bf4 Nf6) 13... Nge7 14. Nd6+ Kf8) 12... Qb8 13.
Qg4 Kf8 14. Bf4 e5 15. Qxd7 Nf6 $1 16. Bxe5 Nxd7 17. Bd6+ Kg8 18. Bxb8 Rxb8 19.
Rad1 Nf6 20. Nd6 $44 {und Weiß hat Kompensation für den geopferten Bauern,
mehr aber auch nicht.}) ({III} 10... Qxe5 $2 11. Re1 Qd6 12. Qg4 $1 Kf8 13. Bf4
Qb6 14. Qg3 Nc6 15. Bc7 Qxb2 (15... Qd4 16. Bd6+ Nge7 17. Bb5 Re8 18. Bxc6 Bxc6
19. Be5 Nf5 20. Bxd4 Nxg3 21. hxg3 a6 22. f4) 16. Rec1 Nf6 17. Rab1 Qd2 18.
Bd6+ Kg8 19. Bf4 Nh5 20. Bxd2 Nxg3 21. hxg3 $16 {/+-}) 11. Re1 Bc6 ({
Andernfalls könnte der Punkt d5 durchhängen, auf spektakuläre Weise etwa nach} 
11... Nc6 $2 12. Be3 Qb4 13. a3 (13. Bd2 $143 Qd4 $11) 13... Qxb2 14. Na4 Qxe5
15. Nb6 Rd8 16. Bc5 Qg5 17. f4 $1 Qh6 (17... Qxf4 18. Nxd5 Qb8 19. Qg4 $1 g6
20. Qf3 Bc8 21. Be4 Rd7 22. Rad1 $40 {+-}) 18. Nxd5 Nge7 19. Nc7+ Kf8 20. f5 e5
21. Bc4 Bxf5 22. Nd5 $40 {+/-}) 12. Ne2 $1 {Der Auftakt zu einem verblüffend
starken Springermanöver, der Schimmel kann nun je nach Bedarf zu den Feldern
f4, g3 oder d4 wechseln - alles nach bewährtem Muster des Vordenkers und
großen Spezialisten der Vorstoßvariante GM Alexander Grischuk, siehe
nachstehend.} Qxe5 $2 {Ein ebenso schwerer wie instruktiver Fehler, die
Annahme des zweiten Gambit-Bauern ist hier klar verfehlt, wie die vorliegende
Partie eindrücklich unter Beweis stellt. Die exponierte Stellung der dreisten
Dame und ihres unrochierten Königs wird - auch dank der jetzt halboffenen
e-Linie - weidlich ausgebeutet. Andere prüfenswerte Damenzüge:} ({I} 12... Qg4
{, und nun z.B.:} 13. h3 Qh5 14. Be3 $5 (14. Bf4 Bb5 15. Qb3 (15. Qc1 $5) 15...
Ne7 16. Bxb5+ axb5 17. Qxb5+ Nbc6 18. Qxb7 O-O $132 {, 1:0/56, Grischuk, A -
Morozevich, A, FIDE World Cup 2011}) 14... Ne7 (14... Qxe5 $2 15. Bd4 Qg5 16.
h4 Qh6 17. Ng3 Ne7 18. Nh5 Rg8 19. g4 $18) 15. Qd2 Nd7 $5 (15... Qxe5 $2 16.
Bf4 Qf6 17. Bg5 Qe5 18. Ng3 Qd6 (18... Qc7 19. Nh5 $1 $18) 19. Nh5 $1 $40 {+-}
O-O (19... Kf8 20. Nxg7 $1 (20. Bh6 $1) (20. Bf4 Qd8 (20... Qd7 21. Be5 $1 (21.
Bh6 $1)) 21. Bh6 $1)) 20. Bf6 $1 (20. Bh6 $1)) 16. f4 Bb5 $5 {Damit realisiert
Schwarz zwar ziemlich spät eine Kernidee der 4...Qb6-Variante, aber zum vollen
Ausgleich reicht es nicht mehr.} (16... O-O 17. Nd4) 17. Bxb5 axb5 18. Nd4 $14)
({II} 12... Qh4 13. Nf4 Nd7 14. a4 a5 (14... Nh6 $6 15. g3 Qe7 (15... Qd8 16.
Nh5) 16. b3 {/\Ba3}) 15. Ra3 Rc8 16. Bb1 g6 17. Rh3 Qe7 18. b3 $14) ({III} 
12... Qb6 13. Be3 Qd8 (13... Qxb2 $2 14. a3 $1 Qxe5 15. Bd4 Qg5 16. h4 Qh6 17.
Ng3 Ne7 18. Nh5 Rg8 19. g4) (13... Qc7 $6 14. Bc5 $1 Ne7 15. Nd4) 14. Nd4 Nd7
15. f4 $36 {+/=}) 13. Ng3 $1 {Diese Demaskierung der Springer/-Turm-Batterie
eröffnet Weiß eine lukrative Aussicht auf die Angriffsfelder f5 und h5.} Qc7 ({
Oder: I} 13... Qf6 14. Nh5 $18) ({II} 13... Qd4 14. Nf5 Qf6 15. Qg4 g6 16. Bg5
gxf5 17. Bxf5 Qg7 (17... h5 18. Qf4) 18. Bxe6 $18) 14. Qg4 $1 g6 ({Falls} 14...
Kf8 {, so kann} 15. Nh5 g6 (15... f5 16. Bxf5 exf5 17. Qxf5+ Qf7 18. Qc8+ Be8
19. Bf4 {/\Bd6(+)+-}) 16. Qd4 $1 {mit durchlagendem Effekt folgen:} e5 (16...
f6 17. Nf4 $1 Bd7 (17... e5 18. Ne6+ Kf7 19. Nxc7 exd4 20. Nxa8 $18) 18. Rxe6
Kg7 19. Nxd5 Qd8 20. Nb6 $18) 17. Rxe5 f6 (17... gxh5 18. Bh6+ $1 Nxh6 19. Qb4+
Kg7 20. Rg5+ Kf6 21. Qd4+ (21. Re1 $1 Kxg5 22. h4+ Kf6 23. Qd4+ Qe5 24. Qxe5#)
21... Ke7 22. Re1+ Kd7 23. Qxh8 $18) 18. Bf4 Qd8 19. Rae1 $40 {+-}) 15. Qd4 $1
f6 16. Rxe6+ $18 Kf7 17. Bf4 Qc8 {Angesichts des schwarzen
Entwicklungsrückstandes und der luftigen Königsstellung ist der Rest freilich
pure Agonie.} 18. Re3 (18. Rd6) 18... a5 (18... Qd7 19. Rae1 Bb5 20. Bxb5 Qxb5
21. Re8) 19. Rae1 Qd7 (19... Na6 20. Bg5 (20. Rf3 Nc7 21. Be5 Ne8 22. Qh4 Qe6
23. Bc3 Qd6 24. Bxg6+) 20... Qd8 21. h4 Nc7 (21... Nb4 22. Bf5 gxf5 23. Nxf5 h5
24. Re7+ Qxe7 25. Rxe7+ Kg6 26. Rg7+ Kxf5 27. Qf4+ Ke6 28. Qe3+ Kf5 29. f3 Rh6
30. g4+ hxg4 31. fxg4+ Kxg4 32. Qf4+ Kh5 33. Qf3#) 22. h5) 20. h4 (20. Bf5 gxf5
21. Nh5 Qd8 22. Rg3 Qf8 23. Qd3 Nd7 24. Qxf5 Re8 25. Rxe8 Kxe8 26. Ng7+ Kd8 27.
Ne6+) 20... Na6 21. h5 Nc7 22. Bxc7 Qxc7 23. Qg4 Kf8 24. hxg6 hxg6 25. Bxg6 Rd8
26. Qd4 Rh6 27. Qc5+ Qd6 {Erlaubt einen neckischen Schluss.} 28. Re8+ $1 Bxe8
29. Rxe8+ 1-0